MARC details
| 000 -CABECERA |
| campo de control de longitud fija |
01414nam a2200325 a 4500 |
| 001 - NÚMERO DE CONTROL |
| campo de control |
000037796 |
| 005 - FECHA Y HORA DE LA ÚLTIMA TRANSACCIÓN |
| campo de control |
20201002031120.0 |
| 008 - DATOS DE LONGITUD FIJA--INFORMACIÓN GENERAL |
| campo de control de longitud fija |
130306s2002 cl ac 001 0dspa d |
| 020 ## - NÚMERO INTERNACIONAL ESTÁNDAR DEL LIBRO |
| Número Internacional Estándar del Libro |
9583002542 |
| 040 ## - FUENTE DE LA CATALOGACIÓN |
| Centro catalogador/agencia de origen |
DO-SdBNP |
| Lengua de catalogación |
spa |
| Centro/agencia transcriptor |
BNPHU |
| 082 ## - NÚMERO DE LA CLASIFICACIÓN DECIMAL DEWEY |
| Número de clasificación |
193 |
| Número de documento/Ítem |
N677a, 2002 |
| 049 ## - FONDOS LOCALES (OCLC) |
| Fondos de biblioteca |
BNPD |
| 100 1# - ENTRADA PRINCIPAL--NOMBRE DE PERSONA |
| Nombre de persona |
Nietzsche, Friedrich Wilhelm, |
| Fechas asociadas al nombre |
1844-1900 |
| 9 (RLIN) |
19283 |
| 245 13 - MENCIÓN DE TÍTULO |
| Título |
El anticrsito (El anticristiano) : |
| Resto del título |
maldición sobre el cristianismo / |
| Mención de responsabilidad, etc. |
Friedrich Nietzsche ; introducción y notas Rafael Gutiérrez Girardot ; traducción Martha Kovacsics Mészáros ; ilustración Rafael Dussán Mejía. |
| 246 23 - FORMA VARIANTE DE TÍTULO |
| Título propio/Titulo breve |
El anticristiano : |
| Resto del título |
maldición sobre el cristianismo / |
| 250 ## - MENCIÓN DE EDICIÓN |
| Mención de edición |
[1ª ed., 4ª reimpr.] |
| 260 ## - PUBLICACIÓN, DISTRIBUCIÓN, ETC. |
| Lugar de publicación, distribución, etc. |
Santa Fé de Bogotá, Colombia : |
| Nombre del editor, distribuidor, etc. |
Panamericana, |
| Fecha de publicación, distribución, etc. |
2002. |
| 300 ## - DESCRIPCIÓN FÍSICA |
| Extensión |
163 p. : |
| Otras características físicas |
il. ; |
| Dimensiones |
22 cm. |
| 490 1# - MENCIÓN DE SERIE |
| Mención de serie |
Filosofía & política |
| 500 ## - NOTA GENERAL |
| Nota general |
Incluye datos biográficos del autor en la solapa de la cubierta. |
| 500 ## - NOTA GENERAL |
| Nota general |
Incluye cronología del autor: p. 153-163. |
| 504 ## - NOTA DE BIBLIOGRAFÍA, ETC. |
| Nota de bibliografía, etc. |
Incluye bibliografía y notas al pie de páginas. |
| 650 #4 - PUNTO DE ACCESO ADICIONAL DE MATERIA--TÉRMINO DE MATERIA |
| Término de materia o nombre geográfico como elemento de entrada |
Cristianismo |
| Subdivisión general |
Obras polémicas |
| 9 (RLIN) |
64245 |
| 650 #4 - PUNTO DE ACCESO ADICIONAL DE MATERIA--TÉRMINO DE MATERIA |
| Término de materia o nombre geográfico como elemento de entrada |
Filosofía y religión |
| 9 (RLIN) |
45620 |
| 700 1# - PUNTO DE ACCESO ADICIONAL--NOMBRE DE PERSONA |
| Nombre de persona |
Gutiérrez Girardot, Rafael, |
| Término indicativo de función/relación |
introd. |
| 9 (RLIN) |
64246 |
| 700 1# - PUNTO DE ACCESO ADICIONAL--NOMBRE DE PERSONA |
| Nombre de persona |
Kovacsics Mészáros, Martha, |
| Término indicativo de función/relación |
tr. |
| 9 (RLIN) |
64247 |
| 700 1# - PUNTO DE ACCESO ADICIONAL--NOMBRE DE PERSONA |
| Nombre de persona |
Dussán Mejía, Rafael, |
| Término indicativo de función/relación |
il. |
| 9 (RLIN) |
64248 |
| 830 #0 - PUNTO DE ACCESO ADICIONAL DE SERIE-TÍTULO UNIFORME |
| Título uniforme |
Filosofía & política |
| 9 (RLIN) |
46827 |
| 910 ## - DATOS DE OPCIÓN DEL USUARIO (OCLC) |
| Datos de opción del usuario |
Validado. Control de calidad EMS. |